Pays en I en 1 minute - Statistiques

Statistiques générales
  • Ce quiz a été pris 317 fois
  • Le résultat moyen est 6 sur 8
Statistiques - réponses
Pays en "I" % Correct
Inde
88%
Italie
83%
Indonésie
77%
Irlande
77%
Islande
76%
Irak
72%
Iran
72%
Israël
49%
Aucun quiz correspondant
Distribution des résultats
% des personnes avec chaque résultat
Percentile par nombre de réponses
Votre historique - résultats
Vous n’avez pas pris ce quiz